000 00643nam a2200229Ia 4500
005 20260320201945.0
008 008 262003s9999 xx 000 0 eng d
037 _aEBOOK
040 _aCRL
040 _beng
040 _cCRL
041 _2eng
041 _aeng
084 _qCRL
100 _aShaalan
_91136415
245 0 _aSalesforce for Beginners: A step-by-step guide to optimize sales and marketing and automate business processes with the Salesforce platform
260 _bIEEE
856 _uhttps://ieeexplore.ieee.org/servlet/opac?bknumber=10162697
942 _cEBOOK
999 _c1724491
_d1724491